000 01820cam a2200325 a 4500
001 000007749
005 20260305073955.0
008 890203s1988 ck b 001 0cspa
020 _a9586430006 (obra completa)
020 _a958643009X (rustica)
040 _aDO-SdBNP
_bspa
_cBNPHU
082 _a923.5861
_bsss
100 1 _aSantander, Francisco de Paula,
_d1792-1840.
_918039
245 1 0 _aCartas Santander-Bolivar 1820-1822 /
_cFrancisco de Paula Santander ; prólogo Germán Arciniegas.
260 _aBogotá :
_bBiblioteca de la Presidencia de la República, Administración Virgilio Barco,
_c1988.
300 _av. ;
_c25 cm.
490 1 _aBiblioteca de la Presidencia de la República
_pDocumentos
_c3-5,16,44-45
500 _aLa biblioteca posee el volumen 1y3
505 0 _aV.1: 1813-1820.-- V.2: 1820.-- V.3: 1820-1822.-- V.4: 1823-1825.-- V.5: 1825-1826.-- V.6: 1826-1830
500 _aFundación para la Conmemoración del Bicentenario del Natalicio y el Sesquicentenario de la Muerte del General Francisco de Paula Santander
500 _aFundacion para la Conmemoracion del Bicentenario del Natalicio y el Sesquicentenario de la Muerte del General Francisco de Paula Santander.
600 1 0 _aSANTANDER, FRANCISCO DE PAULA,
_d1792-1840
_xCORRESPONDENCIA.
_921441
600 1 0 _aBOLÍVAR, SIMÒN,
_d1783-1830
_xCORRESPONDENCIA, MEMORIAS, ETC
_921442
651 4 _aColombia
_xHistoria
_yGUERRA DE INDEPENDENCIA, 1810-1822.
_916211
651 4 _aAmèrica Del Sur
_xHistoria
_yGUERRA DE INDEPENDENCIA, 1806-1830.
_918080
650 4 _aJefes de estado
_zAmèrica Del Sur
_xCorrespondencia.
_921443
700 1 _aBolívar, Simón,
_d1783-1830
_9253
710 2 _aFundación Francisco de Paula Santander,
_cColombia
_921444
830 0 _aBiblioteca de la Presidencia de la República
_pDocumento
_n3-5,16,44-45
_921445
999 _c7527
_d7527